Good Hope Road. #2 / Linda Wingate.
Available copies
- 2 of 2 copies available at LARL/NWRL Consortium.
Current holds
0 current holds with 2 total copies.
Show Only Available Copies
| Location | Call Number / Copy Notes | Barcode | Shelving Location | Status | Due Date |
|---|---|---|---|---|---|
| Hallock Public Library | WIN (Text) | 35500003822176 | Main | Available | - |
| Thief River Falls Public Library | WIN (Text) | 35500001940483 | Main | Available | - |
Record details
- ISBN: 0451208617 (alk. paper)
- Physical Description: viii, 284 p. ; 21 cm.
- Publisher: New York : New American Library, 2003.
Search for related items by subject
| Subject: | Women > Middle West > Fiction. City and town life > Fiction. Middle West > Fiction. Tornadoes > Fiction. |
| Genre: | Psychological fiction. |
Search for related items by series
| LDR | 01176nam a22003258a 4500 | ||
|---|---|---|---|
| 001 | 49181 | ||
| 003 | LARL_NWRL_CONSORTIUM | ||
| 005 | 20200116220352.0 | ||
| 008 | 020819s2003 nyu 000 1 eng | ||
| 010 | . | ‡a2002033812 | |
| 020 | . | ‡a0451208617 (alk. paper) | |
| 035 | . | ‡a(OCoLC)50503429 | |
| 035 | 0 | 0. | ‡ilcmarc/BBF-3503/NWRLTECH |
| 040 | . | ‡aDLC ‡cDLC | |
| 043 | . | ‡an-usc-- | |
| 082 | 0 | 0. | ‡a813/.6 ‡221 |
| 099 | . | ‡aWIN | |
| 100 | 1 | . | ‡aWingate, Linda. |
| 245 | 1 | 0. | ‡aGood Hope Road. ‡n#2 / ‡cLinda Wingate. |
| 260 | . | ‡aNew York : ‡bNew American Library, ‡c2003. | |
| 300 | . | ‡aviii, 284 p. ; ‡c21 cm. | |
| 490 | 0 | . | ‡aTending roses ; ‡v2 |
| 650 | 0. | ‡aWomen ‡zMiddle West ‡vFiction. | |
| 650 | 0. | ‡aCity and town life ‡vFiction. ‡0(LARL_NWRL_CONSORTIUM)164072 | |
| 651 | 0. | ‡aMiddle West ‡vFiction. ‡0(LARL_NWRL_CONSORTIUM)166094 | |
| 650 | 0. | ‡aTornadoes ‡vFiction. | |
| 655 | 0. | ‡aPsychological fiction. | |
| 901 | . | ‡a49181 ‡bOCLC ‡c49181 ‡tbiblio | |

Add to basket
Permalink
Disable Highlighting